Handbook of adolescent sexuality and pregnancy : (Record no. 12990)
[ view plain ]
| 000 -LEADER | |
|---|---|
| fixed length control field | 00501nam a2200181 a 4500 |
| 020 ## - INTERNATIONAL STANDARD BOOK NUMBER | |
| ISBN | 0803945957 |
| 040 ## - CATALOGING SOURCE | |
| Transcribing agency | DLC |
| 082 00 - DEWEY DECIMAL CLASSIFICATION NUMBER | |
| Classification number | 306 SAG 1993 A013 Or. |
| 245 00 - TITLE STATEMENT | |
| Title | Handbook of adolescent sexuality and pregnancy : |
| Remainder of title | research and evaluation instruments / |
| 300 ## - PHYSICAL DESCRIPTION | |
| Number of Pages | xii, 278 pages ; |
| Dimensions | 29 cm |
| 650 #0 - SUBJECT ADDED ENTRY--TOPICAL TERM | |
| Topical Term | Teenage mothers |
| 650 #0 - SUBJECT ADDED ENTRY--TOPICAL TERM | |
| Topical Term | Teenage pregnancy |
| 650 #0 - SUBJECT ADDED ENTRY--TOPICAL TERM | |
| Topical Term | Teenagers |
| 650 #2 - SUBJECT ADDED ENTRY--TOPICAL TERM | |
| Topical Term | Pregnancy in Adolescence |
| 650 #2 - SUBJECT ADDED ENTRY--TOPICAL TERM | |
| Topical Term | Sexual Behavior |
| 700 1# - ADDED ENTRY--PERSONAL NAME | |
| Personal name | Card, Josefina J |
| 942 ## - ADDED ENTRY ELEMENTS (KOHA) | |
| Koha item type | សៀវភៅភាសាអង់គ្លេស |
| 952 ## - LOCATION AND ITEM INFORMATION (KOHA) | |
| Withdrawn status [LOCAL, KOHA] | 0 |
| Permanent Location | Date acquired | Koha item type | Lost status | Shelving location | Barcode | Current Location | Full call number |
|---|---|---|---|---|---|---|---|
| Library Block A | 2017-08-18 | សៀវភៅភាសាអង់គ្លេស | A013 | A19432 | Library Block A | 306 SAG 1993 A013 Or. |